000 00563nam a22001817a 4500
005 20251108164221.0
008 250721s1996 xx 000 0 ara d
082 1 4 _a617.6/محم
100 1 _aالنحلاوي، محمد زهير
245 1 0 _aالأسنان المتعفنة :
_bتشخيصها - تطورها - علاجها /
246 1 1 _aIafected teeth d
264 1 _aبيروت :
_bمؤسسة السيروان،
_c1996.
300 _a191ص
650 1 7 _aجراحة الأسنان
650 1 7 _aطب الأسنان
942 _2ddc
_cBK
999 _c6636
_d6636